Symposium on soil sickness and replant diseases in fruit trees
Gardado en:
| Main Authors: | , , |
|---|---|
| Formato: | Libro |
| Idioma: | inglés |
| Publicado: |
Bolonia
ISHS
1990
|
| Subjects: | |
| Tags: |
Engadir etiqueta
Sen Etiquetas, Sexa o primeiro en etiquetar este rexistro!
|
MARC
| LEADER | 00000nam a2200000 a 4500 | ||
|---|---|---|---|
| 001 | UCR3057 | ||
| 003 | CL-VaPUC | ||
| 005 | 20241217152420.0 | ||
| 008 | 980123e19900000it 1 eng d | ||
| 082 | 0 | 4 | |a 632.9 |b TAG |2 21 |
| 100 | 1 | |a Tagliavini, M |e author |9 618689 | |
| 700 | 1 | |a Utkhede, R |e author |9 618690 | |
| 700 | 1 | |a Zucconi, F |e author |9 618691 | |
| 245 | 1 | 0 | |a Symposium on soil sickness and replant diseases in fruit trees |
| 260 | |a Bolonia |b ISHS |c 1990 | ||
| 300 | |a 109 P | ||
| 583 | |a last modification |c 19980123 00:00:00 |k Rodrigo Vera | ||
| 650 | 0 | 0 | |a Enfermedades de las plantas |9 259687 |
| 650 | 0 | 0 | |a Control de plagas |9 327373 |
| 650 | 0 | 0 | |a Patología vegetal |9 325426 |
| 650 | 0 | 0 | |a Fruticultura |9 259678 |
| 650 | 0 | 0 | |a Horticultura |9 259721 |
| 650 | 0 | 0 | |a Árboles frutales |9 264297 |
| 942 | |c BK | ||
| 945 | |a jquezada |d 19980123 00:00:00 | ||
| 546 | |a En Inglés | ||
| 536 | |a ISHS | ||
| 518 | |p Symposium on soil sickness and replant diseases in fruit trees, Bologna. Italy, 3- 4 de September de 1990 | ||
| 999 | |c 383077 |d 383075 | ||